000
00209 a2200097 4500
001
27361
100
_a
Burdet, G
245
_a
Home electrical appliances
260
_a
_b
Foulsham
_c
1977
090
_c
18187
_d
18187
942
_a
NUST-CAE
_c
M
_c
9099
999
_c
262434
_d
262434